Σχεδιασμός για την Coco-Mat : προϊόν διευκόλυνσης ολιγόλεπτης ανάπαυσης στο γραφείο : διπλωματική εργασία

Οι ρυθμοί και οι απαιτήσεις της σύγχρονης ζωής, μας αναγκάζουν να μειώνουμε τον χρόνο της ξεκούρασής μας με αποτέλεσμα συχνά την καταπόνηση της ψυχικής και σωματικής μας υγείας. Όλο και περισσότερο αρχίζουμε να κατανοούμε πόσο καίριας σημασίας είναι η ποιότητα του ύπνου μας για την καθημερινή μας ζω...

Πλήρης περιγραφή

Αποθηκεύτηκε σε:
Λεπτομέρειες βιβλιογραφικής εγγραφής
Κύριος συγγραφέας: Ηλιοπούλου, Τατιάνα
Συγγραφή απο Οργανισμό/Αρχή: Πανεπιστήμιο Αιγαίου. Τμήμα Μηχανικών Σχεδίασης Προϊόντων και Συστημάτων
Άλλοι συγγραφείς: Φωτιάδης, Σέργιος (dgs [Επιβλέπων καθηγητής])
Μορφή: Thesis Βιβλίο
Γλώσσα:Greek
Δημοσίευση: 2013.
Θέματα:
Διαθέσιμο Online:http://hdl.handle.net/11610/9085
Ετικέτες: Προσθήκη ετικέτας
Δεν υπάρχουν, Καταχωρήστε ετικέτα πρώτοι!

MARC

LEADER 00000cam a2200000 i 4500
001 1/37876
008 131031s2013 gr |||||||||||||| ||gre||
035 |l 10115916 
040 |a GR-MyUa  |b gre  |e AACR2 
041 0 |a gre 
082 0 |a 749.3   |2 (22)  
100 1 |a Ηλιοπούλου, Τατιάνα. 
245 1 0 |a Σχεδιασμός για την Coco-Mat :   |b προϊόν διευκόλυνσης ολιγόλεπτης ανάπαυσης στο γραφείο : διπλωματική εργασία /   |c Τατιάνα Ηλιοπούλου ; επιβλέπων καθηγητής: Φωτιάδης Σέργιος.  
260 |c 2013.  
300 |a 104 φύλλα :   |b εικ. ;   |c 30 εκ.  
502 |a Πτυχιακή εργασία - Πανεπιστήμιο Αιγαίου, Σύρος, 2013.  
504 |a Βιβλιογραφία: σ. 98-99.  
520 |a Οι ρυθμοί και οι απαιτήσεις της σύγχρονης ζωής, μας αναγκάζουν να μειώνουμε τον χρόνο της ξεκούρασής μας με αποτέλεσμα συχνά την καταπόνηση της ψυχικής και σωματικής μας υγείας. Όλο και περισσότερο αρχίζουμε να κατανοούμε πόσο καίριας σημασίας είναι η ποιότητα του ύπνου μας για την καθημερινή μας ζωή. Οι διάφορες έρευνες σε ξεχωριστούς τομείς, παρουσιάζουν συνεχώς καινούργια ευρήματα και οι σχεδιαστές δημιουργούν νέα προϊόντα προσπαθώντας να αξιοποιήσουν τα νέα δεδομένα προς όφελος των χρηστών. Μέσα από αυτές τις έρευνες εντοπίστηκε η σημασία του μεσημεριανού ύπνου, ο οποίος ως συνήθεια τείνει να εξαφανιστεί λόγω των ατελείωτων ωρών εργασίας. Από τα ευρήματα προκύπτει ότι ένας σύντομος ύπνος των 10 λεπτών μετά το μεσημεριανό γεύμα, βελτιώνει την απόδοσή μας για το υπόλοιπο της ημέρας. Εφόσον οι άνθρωποι περνούν μεγάλο μέρος της ημέρας τους στην εργασία, έχουν την ανάγκη να κάνουν ένα διάλειμμα, να συγκεντρώσουν την ενέργειά τους, για να συνεχίσουν παραγωγικά και πιο ευχάριστα την ημέρα τους. 
650 0 |a Furniture design. 
650 0 0 |a Dissertations, Academic  |z Greece. 
700 1 |a Φωτιάδης, Σέργιος,  |e dgs [Επιβλέπων καθηγητής] 
710 2 |a Πανεπιστήμιο Αιγαίου.   |b Τμήμα Μηχανικών Σχεδίασης Προϊόντων και Συστημάτων. 
852 |a INST  |b SYROS  |c DIATR  |e 20131031  |h 749.3 ΗΛΙ  |p 005500011039  |q 005500011039  |t DIE  |y 23 
852 |a INST  |b SYROS  |c DIATR  |e 20131031  |h 749.3 ΗΛΙ  |p 005500011040  |q 005500011040  |t DIE  |y 23 
856 |u http://hdl.handle.net/11610/9085 
901 |a BIBL5-2012-1 
924 |a Ηλιοπούλου  |b Τατιάνα  |y Σύρος  |z 2013-10 
970 |a Κοντού  |b Παρασκευή  |z 31/10/2013